000 00224nam a2200097Ia 4500
008 170619s9999 xx 000 0 und d
100 _aN I I T
245 0 _aBasics of electronic devices
260 _bNew Delhi: PHI
260 _c2004
546 _aENGLISH
999 _c17812
_d17812